Fedex Cup winners - Statistics

General Stats
  • This quiz has been taken 6 times
  • The average score is 6 of 16
Answers on the Grid
Answers color-coded by a green-red scale on the quiz's grid according to % correct below.
Fleetwood
Singh
Cantlay
Thomas
Åberg
Fitzpatrick
Vijay Singh
Finau
Horschel
Morikawa
Jason Day
Woods
Hovland
Furyk
Haas
Snedeker
Spieth
McIntyre
Nicklaus
Scheffler
Spaun
Lowry
Michael
Kim
DeChambeau
McIlroy
Keegan
Bradley
Stenson
Rahm
Rose
English
 
Answer Stats
Answer % Correct
McIlroy
75%
Fleetwood
50%
Horschel
50%
Hovland
50%
Scheffler
50%
Singh
50%
Spieth
50%
Woods
50%
Cantlay
25%
Haas
25%
Rose
25%
Thomas
25%
Vijay Singh
25%
Furyk
0%
Snedeker
0%
Stenson
0%
No matching quizzes found
Score Distribution
Percent of People with Each Score
Percentile by Number Answered
Your Score History
You have not taken this quiz